Quantum mechanics, fourth edition / (Record no. 29464)
[ view plain ]
| 000 -LEADER | |
|---|---|
| fixed length control field | 00597 a2200181 4500 |
| 020 ## - INTERNATIONAL STANDARD BOOK NUMBER | |
| International Standard Book Number | 0750308397 |
| 020 ## - INTERNATIONAL STANDARD BOOK NUMBER | |
| International Standard Book Number | 9780750308397 |
| 082 04 - DEWEY DECIMAL CLASSIFICATION NUMBER | |
| Classification number | 530.12 |
| 090 ## - LOCALLY ASSIGNED LC-TYPE CALL NUMBER (OCLC); LOCAL CALL NUMBER (RLIN) | |
| -- | 840 |
| -- | 840 |
| 100 1# - MAIN ENTRY--PERSONAL NAME | |
| Personal name | Rae, Alastair I. M. |
| 245 10 - TITLE STATEMENT | |
| Title | Quantum mechanics, fourth edition / |
| Statement of responsibility, etc. | Alastair I. M. Rae. |
| 250 ## - EDITION STATEMENT | |
| Edition statement | 4th ed. |
| 260 ## - PUBLICATION, DISTRIBUTION, ETC. | |
| Place of publication, distribution, etc. | [S.l.] : |
| Name of publisher, distributor, etc. | Taylor & Francis, |
| Date of publication, distribution, etc. | 2002. |
| 300 ## - PHYSICAL DESCRIPTION | |
| Extent | 320 p. ; |
| Dimensions | 23 cm. |
| 700 ## - ADDED ENTRY--PERSONAL NAME | |
| Personal name | Rae, Alastair I. M. |
| 942 ## - ADDED ENTRY ELEMENTS (KOHA) | |
| Institution code [OBSOLETE] | SNS |
| Koha item type | Book |
| Call number prefix | 530.12 RAE |
| Withdrawn status | Lost status | Damaged status | Not for loan | Permanent Location | Current Location | Date acquired | Total Checkouts | Total Renewals | Full call number | Barcode | Date last seen | Date last checked out | Price effective from | Koha item type |
|---|---|---|---|---|---|---|---|---|---|---|---|---|---|---|
| School of Natural Sciences (SNS) | School of Natural Sciences (SNS) | 05/26/2016 | 2 | 3 | 530.12 RAE | SNS0001009 | 03/09/2022 | 10/06/2021 | 05/26/2016 | Book |
